000 00704nam a22002177a 4500
999 _c7599
_d7599
003 OSt
005 20220113165800.0
008 220113b ||||| |||| 00| 0 eng d
020 _a9780415964654
040 _cDDC
082 _a338.927 UND 2009
100 _a Jesse, Dillard: Veronica, Dujon: Mary C. King
_915532
245 _aUnderstanding the social dimension of sustainability.
260 _aNew York :
_bRoutledge;
_c 2009,
300 _axii, 300 pages ;
_c24 cm
504 _aIncludes index.
650 _aSocial capital (Sociology)
_915533
650 _aSustainable development -- Social aspects.
_915534
650 _aEnvironmental policy -- Social aspects.
_915535
942 _2ddc
_cBOOK